Zamestnanosť z pohľadu udržateľného rozvoja bakalárska práca

Salvato in:
Dettagli Bibliografici
Autore principale: Komová, Laura
Ente Autore: Podnikovohospodárska fakulta EU so sídlom v Košiciach. Katedra kvantitatívnych metód
Altri autori: Megyesiová, Silvia, 1969-
Natura: Libro
Lingua:slovacco
Pubblicazione: Košice 2025
Tags: Aggiungi Tag
Nessun Tag, puoi essere il primo ad aggiungerne!!

MARC

LEADER 00000nbm a2200000 4500
001 0310932
005 20260210133233.6
041 0 |a slo 
044 |a SK 
245 1 0 |a Zamestnanosť z pohľadu udržateľného rozvoja  |b bakalárska práca  |c Laura Komová ; školiteľ: Silvia Megyesiová 
264 1 |a Košice  |c 2025 
300 |a 51 s. 
100 1 |a Komová, Laura 
700 1 |a Megyesiová, Silvia, 1969- 
710 2 |a Podnikovohospodárska fakulta EU so sídlom v Košiciach. Katedra kvantitatívnych metód